Normal view
MARC view
Entry Nombre corporativo
001 - NÚMERO DE CONTROL
- campo de control: 8475
003 - IDENTIFICADOR DE NÚMERO DE CONTROL
- campo de control: OSt
005 - FECHA Y HORA DE LA ÚLTIMA TRANSACCIÓN
- campo de control: 20221005155313.0
008 - ELEMENTOS DE DATO DE LONGITUD-FIJA
- campo de control de longitud fija: 221005|| aca||aabn | a|a d
040 ## - FUENTE DE CATALOGACIÓN
- Centro catalogador/agencia de origen: OSt
- Centro/agencia transcriptor: OSt
110 ## - ENCABEZAMIENTO-NOMBRE DE ENTIDAD CORPORATIVA
- Nombre de entidad corporativa o nombre de jurisdicción como elemento de entrada: HACIA LA SOCIEDAD DEL CONOCIMIENTO : FORMACION PERMANENTE Y CUALIFICACIONES
- Número del congreso/reunión o número de parte o sección: 2ª
- Fecha del congreso o de la firma del tratado: [2007]
- Sede del congreso/Lugar de la reunión: [Pamplona]
670 ## - FUENTE DE DATOS ENCONTRADOS
- Cita de la fuente: Work cat.: (OSt)8450: HACIA LA SOCIEDAD DEL CONOCIMIENTO : FORMACION PERMANENTE Y CUALIFICACIONES 2ª [2007] [Pamplona], Hacia la sociedad del conocimiento formación permanente y cualificaciones /, 2007]